|
|
|
|
| LEADER |
00906nam a2200349 4500 |
| 001 |
DLU110127449 |
| 005 |
##20111103 |
| 008 |
##960925s1997 ctua 001 0 eng |
| 010 |
# |
# |
|a 96044002
|
| 020 |
# |
# |
|a 0138412065
|
| 020 |
# |
# |
|a 1884777341
|
| 035 |
# |
# |
|9 (DLC) 96044002
|
| 040 |
# |
# |
|a DLC
|c DLC
|d DLC
|
| 082 |
# |
# |
|a 005.133
|b Jav
|
| 245 |
# |
# |
|a Java network programming /
|c Merlin Hughes ... [et al.].
|
| 260 |
# |
# |
|a Greenwich :
|b Manning,
|c c1997.
|
| 300 |
# |
# |
|a xxiv, 519 p. :
|b ill. ;
|c 21x30 cm.
|
| 500 |
# |
# |
|a Includes index.
|
| 650 |
# |
# |
|a Internet programming.
|
| 650 |
# |
# |
|a Java (Computer program language)
|
| 700 |
# |
# |
|a Hughes, Merlin,
|d 1972-
|
| 923 |
# |
# |
|a 01/2011CT
|
| 991 |
# |
# |
|a GT
|
| 992 |
# |
# |
|a 0
|
| 994 |
# |
# |
|a KCT
|
| 900 |
# |
# |
|a True
|
| 911 |
# |
# |
|a Đào Thị Thu Huyền
|
| 925 |
# |
# |
|a G
|
| 926 |
# |
# |
|a A
|
| 927 |
# |
# |
|a SH
|
| 980 |
# |
# |
|a Thư viện Trường Đại học Đà Lạt
|